000 00688nam a2200157 a 4500
001 000040313
005 20201002034042.0
008 130821s2010 mx 000 0 spa d
020 _a9786070212277
040 _aDO-SdBNP
_bspa
_cBNPHU
100 1 _aFerrer Rodríguez, Eulalio
_947143
245 1 0 _aAportaciones a un Estudio del Lenguaje Publicitario :
_bdiscurso de ingreso a la Academia Mexicana de la Lengua, 26 de febrero de 1993 /
_cEulalio Ferrer ; respuesta de José G. Moreno de Alba.
260 _aMéxico :
_bDirección General de Publicaciones y Fomento Editorial :
_bAcademia Mexicana de la Lengua,
_c2010.
300 _a55 p. ;
_c18 cm.
700 1 _aMoreno de Alba,José G.
_966601
999 _c39803
_d39803